| 000 | 01240nam a22003135a 4500 | ||
|---|---|---|---|
| 003 | EG-ScBUE | ||
| 005 | 20220717105006.0 | ||
| 008 | 171112r20082002enk f 000 0 eng d | ||
| 020 | _a9780194533713 | ||
| 020 | _a0194533719 | ||
| 040 |
_aEG-ScBUE _beng _erda _cEG-ScBUE _dEG-ScBUE |
||
| 082 | 0 | 4 |
_a428.0076 _bHAR _222 |
| 100 | 1 |
_aHarrison, Mark, _eauthor. _919927 |
|
| 245 | 1 | 0 |
_aUse of English / _cMark Harrison. |
| 250 | _aReprinted edition. | ||
| 264 | 1 |
_aOxford ; _aNew York : _bOxford University Press, _c2008. |
|
| 300 |
_a223 pages ; _c24 cm. |
||
| 336 |
_2rdacontent _atext _btxt |
||
| 337 |
_2rdamedia _aunmediated _bn |
||
| 338 |
_2rdacarrier _avolume _bnc |
||
| 490 | 0 | _aFirst certificate skills | |
| 520 | _aExtra vocabulary practice focuses on phrasal verbs, collocations, word formation, and word sets. Extensive practice of Cambridge English: First (FCE) Paper 3 tasks. Four complete Cambridge English: First Use of English Papers. Notes on common learner errors. | ||
| 650 | 7 |
_aEnglish language _vExaminations, questions, etc. _2BUEsh |
|
| 650 | 7 |
_aEnglish language _vTextbooks for foreign speakers. _2BUEsh |
|
| 651 | _2BUEsh | ||
| 653 |
_bHHUUEENN _cNovember2017 |
||
| 655 |
_vReading book _934232 |
||
| 942 |
_2ddc _cBB |
||
| 999 |
_c25564 _d25536 |
||